| 000 | 01183nam a22002417a 4500 | ||
|---|---|---|---|
| 003 | OSt | ||
| 005 | 20230914095802.0 | ||
| 007 | t| | ||
| 008 | 230912s2017 mx a|||frm||| 001 0 spa d | ||
| 040 | _aCHAP | ||
| 090 | _aTesis | ||
| 100 | 1 |
_967645 _aLópez Aguirre, Samuel |
|
| 245 | 1 | 0 |
_aExtracción, cuantificación y valoración biológica del extracto de hojas de Larrea tridentata (Sessé & Moc. Ex DC.) coville para uso como agente biocida / _cpor Samuel López Aguirre ; director de tesis Juan Carlos García López. |
| 264 | 1 |
_aSan Luis Potosí : _bEl autor, _c2017. |
|
| 300 |
_a82 hojas: _bcuadros, figuras, tablas. |
||
| 502 | _aTesis (Doctor en Ciencias Ambientales). -- Universidad Autónoma de San Luis Potosí. Facultad de Ciencias Químicas, Ingeniería y Medicina. | ||
| 504 | _aIncluye referencias bibliográficas : páginas 30-36, 60-63, 79-81. | ||
| 650 | 4 |
_9187928 _aLarrea tridentata como desinfectante |
|
| 650 | 4 |
_9132309 _aExtractos vegetales _xEfecto en bacterias |
|
| 650 | 4 |
_aExtractos vegetales _xEfecto en aves _9187927 |
|
| 700 | 1 |
_946220 _aGarcía López, Juan Carlos _eDirector de tesis. |
|
| 942 |
_2Clasificación Universidad Autónoma Chapingo _cTESIS |
||
| 999 |
_c219145 _d219145 |
||